Tous les clips de Imagine Dragons - Statistiques

Statistiques générales
  • Ce quiz a été pris 43 fois
  • Le résultat moyen est 7 sur 16
Statistiques - réponses
Par images Réponse % Correct
Radioactive
92%
Birds
68%
Sharks
68%
Beliver
65%
Bones
62%
Natural
62%
Bad Liar
57%
Follow you
41%
Eyes closed
35%
Whatever it takes
35%
Zero
30%
Wake up
27%
Next to me
16%
Roots
11%
Sucker for pain
8%
Enemy (Feat JID)
3%
Aucun quiz correspondant
Distribution des résultats
% des personnes avec chaque résultat
Percentile par nombre de réponses
Votre historique - résultats
Vous n’avez pas pris ce quiz